| 000 | 00638cab a2200205 4500 | ||
|---|---|---|---|
| 001 | WB3044-79 | ||
| 008 | 090401t1994 xxu||||| |||| 00| 0 eng d | ||
| 035 | _a(Sirsi) u10665 | ||
| 041 | _aeng | ||
| 245 | _aSubsidy scheme to develop forest | ||
| 260 | _c1994 | ||
| 350 | _a0 | ||
| 490 |
_aFinancial Times _v25 November 1994, 8 |
||
| 490 |
_aDoE News Release _v(664) 24 November 1994 (4) |
||
| 520 | _aThe Government plans to finance the development of the National Forest by topping up the existing system of subsidies to landowners. | ||
| 650 | _aNATIONAL FOREST | ||
| 690 | _aRURAL PRACTICE | ||
| 942 | _n0 | ||
| 948 | _c04/03/1997 | ||
| 999 |
_c6762 _d6762 |
||